• 首页
  • 本馆介绍
  • 公告通知
  • 最新文献
  • 馆藏检索
  • 电子资源
  • 读者导购
  • 参考咨询
  • 我的图书馆
  • 登录
  • 详细信息显示
  • 放入我的书架
  • 预约/预借图书
  • 作者相关作品
  • 分类相关作品
  • 丛书相关作品
  • 出版社相关作品

书目信息

  • 表格格式
  • 工作单格式
  • 卡片格式
题名:
故宫营建六百年
    
 
作者: 晋宏逵 著
分册:  
出版信息: 北京   中华书局  2020
页数: 272页
开本: 24cm
丛书名:
单 册:
中图分类: K928.74
科图分类:
主题词: 故宫--gu gong--历史--北京
电子资源:
ISBN: 978-7-101-14749-0
000 01162nam0 2200229 450
001 2131050159
005 20211029202829.0
010    @a978-7-101-14749-0@dCNY78.00
100    @a20201211d2020 em y0chiy0120 ea
101 0  @achi
102    @aCN@b110000
105    @aa z 000yy
106    @ar
200 1  @a故宫营建六百年@Agu gong ying jian liu bai nian@f晋宏逵著
210    @a北京@c中华书局@d2020
215    @a272页@c图@d24cm
330    @a紫禁城建成于1420年,今年正好是600周年。紫禁城是中国古代建筑艺术和智慧的最高体现。中国古代建筑强调群体观念,建筑群以院落的形式横向伸展,通过建筑群里的单体建筑的烘托对比、流通变化、虚实相映、内外空间交融过渡等艺术逻辑关系,形成独具中国文化内涵的外观壮丽恢弘的建筑特征。可以说“群”是中国建筑的灵魂,中式建筑的美在于意境、在于气势、在于各个单体建筑的关系。紫禁城建筑群则是这一美学特征的最高体现。本书从文化的角度阐释这座宫殿建筑群落的建造历史和技艺、美学内涵、宫廷历史以及更迭的朝权历史,面向热爱建筑艺术的知识分子读者。全稿约十万字,图片约80幅
606 0  @a故宫@Agu gong@x历史@y北京
690    @aK928.74@v5
701  0 @a晋宏逵@Ajin hong kui@4著
801  0 @aCN@b百万庄@c20211029
905    @b1313291-94@dK928.74@e1203@f4
    
    故宫营建六百年/晋宏逵著.-北京:中华书局,2020
    272页:图;24cm
    
    
    ISBN 978-7-101-14749-0:CNY78.00
    紫禁城建成于1420年,今年正好是600周年。紫禁城是中国古代建筑艺术和智慧的最高体现。中国古代建筑强调群体观念,建筑群以院落的形式横向伸展,通过建筑群里的单体建筑的烘托对比、流通变化、虚实相映、内外空间交融过渡等艺术逻辑关系,形成独具中国文化内涵的外观壮丽恢弘的建筑特征。可以说“群”是中国建筑的灵魂,中式建筑的美在于意境、在于气势、在于各个单体建筑的关系。紫禁城建筑群则是这一美学特征的最高体现。本书从文化的角度阐释这座宫殿建筑群落的建造历史和技艺、美学内涵、宫廷历史以及更迭的朝权历史,面向热爱建筑艺术的知识分子读者。全稿约十万字,图片约80幅
●
相关链接 在E读中查询图书 在五车中查询图书 在当当中查询图书 在豆瓣中查询图书


正题名:故宫营建六百年     索取号:K928.74/1203         预约/预借

序号 登录号 条形码 馆藏地/架位号 状态 备注
1 1313291   213132910   第二样本阅览室/ [索取号:K928.74/1203] 在馆    
2 1313292   213132929   第二借阅区/ [索取号:K928.74/1203] 在馆    
3 1313293   213132938   第二借阅区/ [索取号:K928.74/1203] 在馆    
4 1313294   213132947   第二借阅区/ [索取号:K928.74/1203] 在馆    
唐山师范学院图书馆 欢迎您!
大连网信软件有限公司© 版权所有